LEADER 01091nam a2200265 u 4500 001 000000040025 003 CaOOAMICUS 005 20070226114045.0 008 980521s1971 it u000 u ita u 035 $a10795669 040 $aPUL(R)$bita 100 1 $aAccardo, Salvatore.$0(OLS)http://pul/name/5952 245 13$aIl canto XIV del Paradiso /$cSalvatore Accardo. 260 $aRoma :$bS.T.I.,$c1971. 300 $aP. 20-34 ;$c24 cm 500 $aEstratto da "L'Alighieri - Rassegna bibliografica dantesca", anno XII, gennaio-giugno 1971. 504 $aBibliografia in nota. 600 04$aDante Alighieri,$d1265-1321.$0(OLS)http://pul/subject/5299 850 $aPUL 852 $aPUL$W1$xDP1 Miscellanee$y10$mMisc.Lombardi.131(int.16)$j54433$nBK-PRI$b $qStampati Miscellanee$B54433$CPULBib$Z2$F54433 $H $81 941 1 $a17 960 $aAlighieri, Dante,$d1265-1321$95299 961 $aINV: Legato con altri volumi. 996 $6245$aIl canto XIV del Paradiso$9(OLS)http://pul/title/54098 996 $6260$aRoma :$bS.T.I.$9(OLS)http://pul/publisher/64222 LEADER 01124nam a2200301 u 4500 001 000000067956 003 CaOOAMICUS 005 20070226121738.0 008 020225s1995 it u000 u ita u 020 $a8820494779 035 $a10921822 040 $aPUL(R)$bita 100 1 $aDovolich, Claudia.$0(OLS)http://pul/name/38827 245 10$aDerrida tra differenza e trascendentale /$cClaudia Dovolich. 260 $aMilano :$bFranco Angeli,$c1995. 300 $a264 p. ;$c24 cm 490 1 $aFilosofia 500 $aContiene indice. 504 $aBibliografia in nota. 650 4$aTrascendenza.$0(OLS)http://pul/subject/4811 830 0$aFilosofia (F. Angeli).$0(OLS)http://pul/title/40589 850 $aPUL 852 $aPUL$W1$xSL Filosofia 1$y2$m96 F 69$j87951$nBK-PRI$b $qStampati$B87951$CPULBib$Z2$F87951 $H $81 941 1 $a8 961 $aINV: 74217 996 $6020$a8820494779$9(OLS)http://pul/number/88066 996 $6245$aDerrida tra differenza e trascendentale$9(OLS)http://pul/title/89984 996 $6260$aMilano :$bFranco Angeli$9(OLS)http://pul/publisher/52903